Organizational Behavior (Record no. 7484)

MARC details
000 -LEADER
fixed length control field 00312nam a2200133Ia 4500
008 - FIXED-LENGTH DATA ELEMENTS--GENERAL INFORMATION
fixed length control field 191201s2012 xx 000 0 und d
100 ## - MAIN ENTRY--PERSONAL NAME
Personal name ROBBINS,Stephen P
245 #0 - TITLE STATEMENT
Title Organizational Behavior
250 ## - EDITION STATEMENT
Edition statement Imp 1st
260 ## - PUBLICATION, DISTRIBUTION, ETC. (IMPRINT)
Date of publication, distribution, etc 2012
Name of publisher, distributor, etc pearson
Place of publication, distribution, etc N. delhi
300 ## - PHYSICAL DESCRIPTION
Extent 623
650 ## - SUBJECT ADDED ENTRY--TOPICAL TERM
Topical term or geographic name as entry element MBA
942 ## - ADDED ENTRY ELEMENTS (KOHA)
Source of classification or shelving scheme Dewey Decimal Classification
Koha item type Book Bank
942 ## - ADDED ENTRY ELEMENTS (KOHA)
-- 15
Holdings
Withdrawn status Lost status Source of classification or shelving scheme Damaged status Not for loan Collection code Home library Current library Date acquired Source of acquisition Cost, normal purchase price Bill Number Total Checkouts Acc. no. / Barcode Date last seen Date last borrowed Bill Date Koha item type
    Dewey Decimal Classification     MBA PIET C-LIBRARY PIET C-LIBRARY 08/10/2011 Valley Book House 595.00 174 5 BB7628 23/01/2025 10/09/2024 08/10/2011 Book Bank
    Dewey Decimal Classification     MBA PIET C-LIBRARY PIET C-LIBRARY 08/10/2011 Valley Book House 595.00 174 4 BB7629 23/01/2025 17/09/2024 08/10/2011 Book Bank
    Dewey Decimal Classification     MBA PIET C-LIBRARY PIET C-LIBRARY 08/10/2011 Valley Book House 595.00 174 4 BB7630 23/01/2025 13/09/2024 08/10/2011 Book Bank
    Dewey Decimal Classification     MBA PIET C-LIBRARY PIET C-LIBRARY 08/10/2011 Valley Book House 595.00 174 5 BB7631 22/01/2026 23/09/2025 08/10/2011 Book Bank
    Dewey Decimal Classification     MBA PIET C-LIBRARY PIET C-LIBRARY 08/10/2011 Valley Book House 595.00 174 5 BB7632 10/01/2026 08/09/2025 08/10/2011 Book Bank

Design & Developed by: PIET Central Library
R70 Miles Stone Pattikalyana Samalkha Panipat 132102
mail ID :- [email protected], Phone No:- 0180-2569700 Ex.216